Statistics for The Witcher Netflix cast

Click here to take the quiz!

General Stats

  • This quiz has been taken 29 times
  • The average score is 12 of 38

Answer Stats

ActorCharacter% Correct
Henry CavillGeralt
100%
Freya AllanCirilla
96%
Anya ChalotraYennefer
92%
Joey bakeyJaskier
83%
Anna ShafferTriss
79%
Mini NdiweniFringilla
63%
MyAnna BuringTissaia
54%
Eamon FarrenCahir
50%
Emma AppletonRenfri
50%
Mars MikkelsenStregobor
46%
Adam levyMousesack
42%
Jodhi MayQueen Calanthe
42%
Royce pierresonIstredd
38%
Therica Wilson-ReadSabrina
38%
Wilson radjou pujalteDara
33%
Shaun DooleyKing Foltest
33%
Bjorn Hlynur HaraldssonEist
29%
Mahesh JaduVilgefortz
29%
Jordan RenzoDuny
21%
Mia Mckenna-BruceMarilka
21%
Maciej MusialSir Lazlo
21%
Colette TchantchoVea
17%
Josette SimonEithne
17%
Adele OniTea
17%
Tom CantonFilavandrel
17%
Anna Louise PlowmanZola
13%
Jeremy CrawfordYarpen Zigrin
13%
Francis MageeYurga
13%
Judit FeketeVanielle of Brugge
13%
Tobi BamtefaSir Danek
8%
Martin BerecsyKorin
8%
Terence MaynardArtorius
8%
Isobel LaidlerQueen Kalis
4%
Steve WallBoholt
4%
Lucas EnglanderChireadan
0%
Jason ThorpeLord Ostrit
0%
Packy LeeNohorn
0%
Roderick HillFletcher
0%

Score Distribution

Percentile by Number Answered

Percent of People with Each Score

Your Score History

You have not taken this quiz